University Home | Library Home | Institutional Repository

Love leaps here / (Record no. 136838)

MARC details
000 -LEADER
fixed length control field 00518cam7a220018100 4500
001 - CONTROL NUMBER
control field qce01127837
005 - DATE AND TIME OF LATEST TRANSACTION
control field 20190822124459.0
008 - FIXED-LENGTH DATA ELEMENTS--GENERAL INFORMATION
fixed length control field 760128s1962 enk 000 0 eng d
035 ## - SYSTEM CONTROL NUMBER
System control number (Sirsi) r9799
035 ## - SYSTEM CONTROL NUMBER
System control number (QCAT)lss01152648
035 ## - SYSTEM CONTROL NUMBER
System control number (UPRA)qce01127837
040 ## - CATALOGING SOURCE
Modifying agency UPRA
100 1# - MAIN ENTRY--PERSONAL NAME
Personal name Figueroa, John J.
Linkage A63122.1
245 10 - TITLE STATEMENT
Title Love leaps here /
Statement of responsibility, etc. by John Figueroa.
260 ## - PUBLICATION, DISTRIBUTION, ETC.
Place of publication, distribution, etc. [Liverpool :
Name of publisher, distributor, etc. Printed by C. Tinling,
Date of publication, distribution, etc. 1962]
949 ## - LOCAL PROCESSING INFORMATION (OCLC)
a PR9265.9.F5
w lcc
i -1311
m MAIN
t BOOK
l ON-SHELF

No items available.

© 2026 - The University of Zambia Library - Koha v25.11